| 000 | 00419cam a2200157ua 4500 | ||
|---|---|---|---|
| 020 | _a0-7619-9486-6 | ||
| 041 |
_aeng _h |
||
| 082 |
_a338 _bTYA/IN |
||
| 100 | _aTyabji, Nasir . | ||
| 245 |
_aIndustrialisation and innovation : The Indian Experience / _cNasir Tyabji. _hTextual Documents |
||
| 260 |
_aNew Delhi : _bSage Publications , _c2000. |
||
| 300 | _a162 ; . | ||
| 504 | _a | ||
| 942 | _cBK | ||
| 999 |
_c552 _d552 |
||